000 00608nam a22001937a 4500
003 OSt
082 _a664
_bAIS/DE
100 _aAiswarya, R
_94701
100 _aAparna, K
_94702
100 _aRahees, P
_94703
100 _aSiyana, M
_94704
100 _aSreelakshmi, P
_94705
245 _aDevelopment and performance evaluation of pomegranate aril separator
260 _aTavanur
_bDepartment of Process and Food Engineering
_c2020
700 _aPrince, M. V
_94684
700 _aAswathy, M. S
856 _uhttps://drive.google.com/file/d/177nlOX8tYUx04-hdOjBreK2X_wk24oIl/view?usp=sharing
942 _cPR
999 _c16313
_d16313